000 00832nam a2200241 i 4500
003 DO-SdBNP
005 20230911093758.0
006 a||||gr|||| 00| 0
007 ta
008 230908e2008 dr ||||| |||| 00| 0 spa d
040 _aDO-SdBNP
_bspa
_cBNPHU
_erda
082 4 _222
_bC748c
111 2 _aConferencia del Episcopado Dominicano.
_d(2008:
_cSanto Domingo)
_984090
245 1 0 _aCarta pastoral:
_b"discípulo misionero: con Crsito, pon en alto tus valores culturales".
264 1 _aSanto Domingo :
_bConferencia del Episcopado Dominicano,
_c2008
300 _a22 páginas ;
_c21 cm.
336 _2rdacontent
_atexto
_btxt
337 _2rdamedia
_asin mediación
_bn
338 _2rdacarrier
_avolumen
_bnc
500 _aIncluye bibliografía y notas al pie de páginas.
590 _aInventariado 2023 / MF
942 _2ddc
_cLF2
999 _c54665
_d54665